| 000 | 00479nam a2200157Ia 4500 | ||
|---|---|---|---|
| 999 |
_c12258 _d12258 |
||
| 003 | OSt | ||
| 005 | 20231227160747.0 | ||
| 008 | 190216s9999||||xx |||||||||||||| ||und|| | ||
| 040 | _cOCLC | ||
| 100 | 1 |
_aShakespeare, William, _d1564-1616 _vAdaptations _974 |
|
| 245 | 4 |
_aThe Tempest _cwillam shakespeare |
|
| 260 |
_bOxford University Press, _c1971. _anew york: |
||
| 300 | _a223p | ||
| 650 | _aEnglish Drama | ||
| 942 |
_cBK _2ddc _h822.33 _iSHA/T _k822.33 _mSHA/T |
||